GPU-accelerated, interval-based parameter identification methods illustrated using the two-compartment problem

Interval methods are helpful in the context of scientific computing for reliable treatment of problems with bounded uncertainty. Most traditional interval algorithms, however, were designed for sequential execution while internally depending on processor-specific instructions for directed rounding....

Teljes leírás

Elmentve itt :
Bibliográfiai részletek
Szerzők: Gillner Lorenz
Auer Ekaterina
Dokumentumtípus: Cikk
Megjelent: University of Szeged, Institute of Informatics Szeged 2024
Sorozat:Acta cybernetica 26 No. 4
Kulcsszavak:Intervallum módszerek, Intervallum analízis, Párhuzamos algoritmusok, Paraméter azonosítás
Tárgyszavak:
doi:10.14232/actacyb.306774

Online Access:http://acta.bibl.u-szeged.hu/87002
LEADER 02106nab a2200253 i 4500
001 acta87002
005 20250416082849.0
008 250416s2024 hu o 000 eng d
022 |a 2676-993X 
024 7 |a 10.14232/actacyb.306774  |2 doi 
040 |a SZTE Egyetemi Kiadványok Repozitórium  |b hun 
041 |a eng 
100 1 |a Gillner Lorenz 
245 1 0 |a GPU-accelerated, interval-based parameter identification methods illustrated using the two-compartment problem  |h [elektronikus dokumentum] /  |c  Gillner Lorenz 
260 |a University of Szeged, Institute of Informatics  |b Szeged  |c 2024 
300 |a 913-932 
490 0 |a Acta cybernetica  |v 26 No. 4 
520 3 |a Interval methods are helpful in the context of scientific computing for reliable treatment of problems with bounded uncertainty. Most traditional interval algorithms, however, were designed for sequential execution while internally depending on processor-specific instructions for directed rounding. Nowadays, many-core processors and dedicated hardware for massively parallel data processing have become the de facto standard for high-performance computers. Interval libraries have yet to adapt to this heterogeneous computing paradigm. In this article, we investigate the parallelization of interval methods with an emphasis on modern graphics processors. Using a parameter identification scenario in combination with newly developed or enhanced GPU-based interval software, we evaluate different methods for reducing the size of large interval search domains. For the first time, algorithmic differentiation can be used with intervals on the GPU. Different versions of interval optimization algorithms are compared wrt. their functionality, run times, and energy consumption. 
650 4 |a Természettudományok 
650 4 |a Matematika 
650 4 |a Számítás- és információtudomány 
695 |a Intervallum módszerek, Intervallum analízis, Párhuzamos algoritmusok, Paraméter azonosítás 
700 0 1 |a Auer Ekaterina  |e aut 
856 4 0 |u http://acta.bibl.u-szeged.hu/87002/1/cybernetica_026_numb_004_913-932.pdf  |z Dokumentum-elérés